00796nam a2200241 a 450000100060000000300080000600500170001400800410003103500190007204000280009104100080011908200260012710000270015324500700018026000430025030000250029350000200031865000190033870000290035794200120038699900170039895201390041561598BD-RjUL20211209081000.0170119s1946 vau 001 0 eng d a(BD-RjUL)61722 aDLCcOClUdBD-RjULbeng aeng 223a346.004bGLC 19461 aGlenn, Garrard918352000aCases and materials on equity /cby Garrard Glenn, Kenneth Redden aVirginia :bThe Michie Company,c1946. aix, 905 p. ;c24 cm. aIncludes index. 0aEquity91835211 aRedden, Kenneth 9183522 2ddccBK c61598d61598 00102ddc40718NFICaRUCLbRUCLcReadingd1958-11-01eAsia foundationl0o346.004 GLC 1946r2017-01-19 00:00:00tC-1w2017-01-19yBK